00813nam a22001817a 4500003000900000008004100009040007100050082001800121100001300139245003900152260008200191300005800273505021400331650002200545650002800567650001100595700002500606AR-CdUCM190226b ||||| |||| 00| 0 spa d aMUNICIPALIDAD PROVINCIAL DEL CUSCOcBIBLIOTECA MUNICIPAL DEL CUSCO a335.4 / bM26 aMarx, C. aManifiesto del Partido Comunista / aPekin : bEdiciones en lenguas extranjeras,aLima :bLima Tipo-Offset,c1965. a86 páginas ;bilustraciones, fotografías,c17 cm. aContenidos: Manifiesto del Partido Comunista -- Burgueses y Proletarios -- Proletarios y Comunistas -- Literatura Socialista y Comunista -- El Socialismo reaccionario -- El Socialismo conservador o Burgues ... aPartido Comunista aBurgueses y Proletarios aEuropa aEngels, F. (coautor)